Т. 1; Личные мотивы
| Parent link: | Личные мотивы: роман в 2-х т./ А. Маринина. Т. 1.— , 2011 |
|---|---|
| Summary: | Прошлое неотрывно смотрит в будущее. Чтобы разобраться в сегодняшнем дне, надо обернуться назад. А преступление, которое расследует частный детектив Анастасия Каменская, своими корнями явно уходит в прошлое. Кто-то убил смертельно больного, беспомощного хирурга Евтеева, давно оставившего врачебную практику. Значит, была какая-та опасная тайна в прошлом этого врача, и месть настигла его на пороге смерти. Месть? Впрочем, зачастую под маской мести прячется элементарное желание что-то исправить, улучшить в своей жизни. А фигурантов этого дела обуревает множество страстных желаний: жажда власти, богатства, удовлетворения самых причудливых амбиций... Словом, та самая, столь хорошо знакомая Насте, благодатная почва для совершения рискованных и опрометчивых поступков. Но ведь где-то в прошлом таится то самое роковое событие, вызвавшее эту лавину убийств, шантажа, предательств. Надо как можно быстрее вычислить его и остановить весь этот ужас... |
| Language: | Russian |
| Published: |
2011
|
| Subjects: | |
| Format: | Book |
| KOHA link: | https://koha.lib.tpu.ru/cgi-bin/koha/opac-detail.pl?biblionumber=194865 |
MARC
| LEADER | 00000nam2a2200000 4500 | ||
|---|---|---|---|
| 001 | 194865 | ||
| 005 | 20231031182511.0 | ||
| 010 | |a 9785699468775 | ||
| 035 | |a (RuTPU)RU\TPU\book\212542 | ||
| 090 | |a 194865 | ||
| 100 | |a 20110425d2011 m y0rusy50 ca | ||
| 101 | 0 | |a rus | |
| 102 | |a RU | ||
| 105 | |a y z 000ay | ||
| 200 | 0 | |a Т. 1 | |
| 210 | |d 2011 | ||
| 215 | |a 351 с. | ||
| 330 | |a Прошлое неотрывно смотрит в будущее. Чтобы разобраться в сегодняшнем дне, надо обернуться назад. А преступление, которое расследует частный детектив Анастасия Каменская, своими корнями явно уходит в прошлое. Кто-то убил смертельно больного, беспомощного хирурга Евтеева, давно оставившего врачебную практику. Значит, была какая-та опасная тайна в прошлом этого врача, и месть настигла его на пороге смерти. Месть? Впрочем, зачастую под маской мести прячется элементарное желание что-то исправить, улучшить в своей жизни. А фигурантов этого дела обуревает множество страстных желаний: жажда власти, богатства, удовлетворения самых причудливых амбиций... Словом, та самая, столь хорошо знакомая Насте, благодатная почва для совершения рискованных и опрометчивых поступков. Но ведь где-то в прошлом таится то самое роковое событие, вызвавшее эту лавину убийств, шантажа, предательств. Надо как можно быстрее вычислить его и остановить весь этот ужас... | ||
| 461 | 1 | |0 (RuTPU)RU\TPU\book\212953 |t Личные мотивы |o роман в 2-х т. |f А. Маринина |v Т. 1 |d 2011 |s Королева детектива | |
| 610 | 1 | |a русская литература | |
| 610 | 1 | |a детективы | |
| 801 | 1 | |a RU |b 63413507 |c 20110425 | |
| 801 | 2 | |a RU |b 63413507 |c 20110506 |g RCR | |
| 942 | |c BK | ||